[Event "16th FAJR Open"]
[Site "Urmia IRI"]
[Date "2008.02.09"]
[Round "11"]
[White "Sadeghi, A."]
[Black "Kuparadze, G."]
[Result "0-1"]
[WhiteElo "2136"]
[BlackElo "2407"]
[PlyCount "78"]
[EventDate "2008.02.03"]
[EventType "swiss"]
[EventRounds "11"]
[EventCountry "IRI"]
[Source "Mark Crowther"]
[SourceDate "2008.02.18"]

1. e4 c5 2. Nc3 Nc6 3. f4 g6 4. Nf3 Bg7 5. Bc4 d6 6. O-O e6 7. d3 Nge7 8. Qe1
O-O 9. f5 exf5 10. Qh4 Qe8 11. Bh6 Ne5 12. Ng5 Bf6 13. Bxf8 Bxg5 14. Qxg5 Qxf8
15. Nd5 Nxd5 16. Bxd5 h6 17. Qf6 Bd7 18. exf5 Bxf5 19. Rae1 Qd8 20. Qxd8+ Rxd8
21. h3 b6 22. g4 Bc8 23. Rf6 Kg7 24. Ref1 Bf5 25. R6xf5 gxf5 26. Rxf5 f6 27.
Kf2 Ng6 28. Rf3 Ne7 29. Be6 d5 30. Re3 Nc6 31. Bf5 Ne5 32. Kg3 b5 33. h4 b4 34.
Kf4 Re8 35. g5 Ng6+ 36. Bxg6 hxg5+ 37. hxg5 fxg5+ 38. Kf3 Rxe3+ 39. Kxe3 Kxg6
0-1

[Event "16th FAJR Open"]
[Site "Urmia IRI"]
[Date "2008.02.09"]
[Round "11"]
[White "Mojaverian, H."]
[Black "Roghani, A."]
[Result "0-1"]
[WhiteElo "2072"]
[BlackElo "2362"]
[PlyCount "76"]
[EventDate "2008.02.03"]
[EventType "swiss"]
[EventRounds "11"]
[EventCountry "IRI"]
[Source "Mark Crowther"]
[SourceDate "2008.02.18"]

1. e4 e6 2. d3 d5 3. Nd2 c5 4. g3 g6 5. Bg2 Bg7 6. Ngf3 Nf6 7. O-O O-O 8. c3
Nc6 9. e5 Nd7 10. d4 b6 11. Re1 f6 12. exf6 Qxf6 13. Qe2 Bb7 14. Qxe6+ Qxe6 15.
Rxe6 cxd4 16. Nxd4 Nxd4 17. cxd4 Bxd4 18. Nf3 Bg7 19. Rb1 Nc5 20. Re7 Bf6 21.
Rc7 d4 22. b4 Be4 23. Bh6 Bxb1 24. Bxf8 Ne6 25. Rc1 Bxa2 26. Bh6 d3 27. Nd2 Rd8
28. Ne4 Bb2 29. Rd1 Bc4 30. Nd2 Bb5 31. Re1 Kf7 32. Bh3 Nd4 33. Bg5 Ne2+ 34.
Kf1 Rd5 35. Ne4 d2 36. Bxd2 Nxg3+ 37. Kg1 Nxe4 38. Rxe4 Rxd2 0-1

[Event "16th FAJR Open"]
[Site "Urmia IRI"]
[Date "2008.02.09"]
[Round "11"]
[White "Gassanov, A."]
[Black "Dalir, A."]
[Result "1-0"]
[WhiteElo "2358"]
[BlackElo "2102"]
[PlyCount "49"]
[EventDate "2008.02.03"]
[EventType "swiss"]
[EventRounds "11"]
[EventCountry "IRI"]
[Source "Mark Crowther"]
[SourceDate "2008.02.18"]

1. e4 c5 2. Nf3 d6 3. d4 cxd4 4. Nxd4 Nf6 5. Nc3 a6 6. Be2 e6 7. a4 Be7 8. O-O
O-O 9. f4 Qc7 10. Be3 Nc6 11. Kh1 Bd7 12. Qe1 Nxd4 13. Bxd4 Bc6 14. Qg3 b5 15.
axb5 axb5 16. Rxa8 Rxa8 17. e5 dxe5 18. fxe5 Ne4 19. Qf3 f5 20. exf6 Bxf6 21.
Nxe4 Bxd4 22. Bd3 Bxb2 23. Qh3 Qe5 24. Ng5 h6 25. Bh7+ 1-0

[Event "16th FAJR Open"]
[Site "Urmia IRI"]
[Date "2008.02.09"]
[Round "11"]
[White "Bayramov, V."]
[Black "Zamani, F."]
[Result "1-0"]
[WhiteElo "2324"]
[BlackElo "2095"]
[PlyCount "43"]
[EventDate "2008.02.03"]
[EventType "swiss"]
[EventRounds "11"]
[EventCountry "IRI"]
[Source "Mark Crowther"]
[SourceDate "2008.02.18"]

1. d4 Nf6 2. Nf3 e6 3. Bg5 d5 4. e3 c5 5. c3 Nc6 6. Bd3 Be7 7. Nbd2 Bd7 8. Qe2
c4 9. Bc2 b5 10. a3 a5 11. O-O b4 12. Ne5 bxc3 13. bxc3 Qc7 14. f4 a4 15. Ndf3
O-O 16. Nxc6 Bxc6 17. Ne5 Rfe8 18. f5 exf5 19. Bxf5 Nd7 20. Bxh7+ Kxh7 21. Qh5+
Kg8 22. Qxf7+ 1-0

[Event "16th FAJR Open"]
[Site "Urmia IRI"]
[Date "2008.02.09"]
[Round "11"]
[White "Hicks, R."]
[Black "Reyhan, D."]
[Result "0-1"]
[WhiteElo "2051"]
[BlackElo "2240"]
[PlyCount "48"]
[EventDate "2008.02.03"]
[EventType "swiss"]
[EventRounds "11"]
[EventCountry "IRI"]
[Source "Mark Crowther"]
[SourceDate "2008.02.18"]

1. c4 e6 2. g3 d5 3. Bg2 c5 4. cxd5 exd5 5. d4 Nf6 6. Nf3 Nc6 7. O-O Be7 8. Nc3
O-O 9. Bg5 c4 10. b3 cxb3 11. Qxb3 Na5 12. Qc2 Be6 13. Ne5 Rc8 14. Qd3 Nc4 15.
Rab1 b6 16. Rfd1 h6 17. Bf4 a6 18. e4 b5 19. Nxc4 Rxc4 20. e5 Ne8 21. Qf3 Nc7
22. Bf1 Rc6 23. Rbc1 Qd7 24. Qe3 g5 0-1

[Event "16th FAJR Open"]
[Site "Urmia IRI"]
[Date "2008.02.09"]
[Round "11"]
[White "Abed, M."]
[Black "Darini, P."]
[Result "0-1"]
[WhiteElo "2036"]
[BlackElo "2239"]
[PlyCount "48"]
[EventDate "2008.02.03"]
[EventType "swiss"]
[EventRounds "11"]
[EventCountry "IRI"]
[Source "Mark Crowther"]
[SourceDate "2008.02.18"]

1. Nf3 c5 2. c4 Nc6 3. Nc3 e5 4. g3 d6 5. Bg2 f5 6. d3 Nf6 7. O-O Be7 8. a3 O-O
9. Rb1 a5 10. Nd5 Nxd5 11. cxd5 Nd4 12. b4 Nxf3+ 13. Bxf3 cxb4 14. axb4 a4 15.
b5 Bd7 16. e4 Ra5 17. b6 Ra6 18. Be3 f4 19. gxf4 exf4 20. Bd4 Bf6 21. Bxf6 Rxf6
22. Kh1 Rh6 23. Rg1 Rxh2+ 24. Kxh2 Qh4+ 0-1

[Event "16th FAJR Open"]
[Site "Urmia IRI"]
[Date "2008.02.09"]
[Round "11"]
[White "Noroozi, O."]
[Black "Malaniuk, V."]
[Result "0-1"]
[WhiteElo "2222"]
[BlackElo "2498"]
[PlyCount "62"]
[EventDate "2008.02.03"]
[EventType "swiss"]
[EventRounds "11"]
[EventCountry "IRI"]
[Source "Mark Crowther"]
[SourceDate "2008.02.18"]

1. c4 f5 2. Nf3 Nf6 3. g3 g6 4. Bg2 Bg7 5. O-O O-O 6. d4 d6 7. Nc3 Qe8 8. Nd5
Nxd5 9. cxd5 Nd7 10. e4 fxe4 11. Ng5 Nf6 12. Nxe4 Nxe4 13. Bxe4 Bh3 14. Re1 Qb5
15. Rb1 Rae8 16. Be3 e6 17. a4 Qb4 18. Rc1 Rf7 19. dxe6 Bxe6 20. Qd3 d5 21. Bg2
c6 22. Qc3 a5 23. Bf1 Bd7 24. h4 Rfe7 25. Red1 Qb6 26. Qa3 Bg4 27. Rd3 Qc7 28.
b4 axb4 29. Qxb4 Rxe3 30. fxe3 Qxg3+ 31. Bg2 Rxe3 0-1